000 00321 a2200157 4500
001 176851
020 _a
040 _cMagnum
100 _aPortela, Fernando
240 1 0 _aEnergia nuclear
_lpor
245 1 0 _aEnergia nuclear
362 0 _a1899
440 1 _aÁtica
697 _aMAGNITO: PARADIDATICO
942 _cBK
999 _c176851
_d176851